| 000 | 00549nam a22001817a 4500 | ||
|---|---|---|---|
| 005 | 20251108165015.0 | ||
| 008 | 250721s1987 xx 000 0 ara d | ||
| 082 | 1 | 4 | _a658.5/محم |
| 100 | 1 | _aإبراهيم، محمد محمد | |
| 245 | 1 | 0 |
_aإدارة الإنتاج : _bمدخل النظم / |
| 264 | 1 |
_aالقاهرة : _bدار النهضة العربية، _c1987. |
|
| 300 | _a413ص | ||
| 650 | 1 | 7 | _aالإدارة |
| 650 | 1 | 7 | _aتقنيات الإدارة |
| 650 | 1 | 7 | _aإدارة الإنتاج |
| 942 |
_2ddc _cBK |
||
| 999 |
_c19707 _d19707 |
||